Wongs Nursing Care of Infants and Children (Record no. 156354)

MARC details
000 -LEADER
fixed length control field 00355nam a2200133Ia 4500
008 - FIXED-LENGTH DATA ELEMENTS--GENERAL INFORMATION
fixed length control field 230411s9999 xx 000 0 und d
041 ## - LANGUAGE CODE
Language code of text/sound track or separate title eng
082 ## - DEWEY DECIMAL CLASSIFICATION NUMBER
Classification number P/610.7362/HOC/B05888
100 ## - MAIN ENTRY--PERSONAL NAME
Personal name Hockenberry M
245 ## - TITLE STATEMENT
Title Wongs Nursing Care of Infants and Children
260 ## - PUBLICATION, DISTRIBUTION, ETC. (IMPRINT)
Name of publisher, distributor, etc. Elsevier
Place of publication, distribution, etc. Philadelphia
Date of publication, distribution, etc. 2006
300 ## - PHYSICAL DESCRIPTION
Extent 1990p
Holdings
Withdrawn status Lost status Damaged status Not for loan Collection code Home library Current library Date acquired Vendor Cost, normal purchase price Bill number Total Checkouts Full call number Barcode Date last seen Date last checked out Cost, replacement price Bill Date Koha item type Original Barcode
          Smt. Bakul Tambat Institute of Nursing Education Smt. Bakul Tambat Institute of Nursing Education 17/12/2009 B.J.Medical Co-oprative College Stores 1995.00 24 1 P 610.7362 HOC B05888 BTIN-BK-5888 30/11/2024 27/11/2024 1456.00 03/07/2006 Books B05888